000 01161cam a2200325 a 4500
999 _c27071
_d27071
001 2110050
003 OSt
005 20170207112805.0
008 960625s1996 wiua b 001 0 eng d
010 _a 96076689
020 _a0873414624 (pbk.) :
_c$12.95
035 _a(OCoLC)36095487
035 _a3675-19260
040 _aOCo
_cOCo
_dDLC
042 _alccopycat
050 0 0 _aNK1127.5
_b.A75 1996
100 1 _aArnold, Ken.
245 1 0 _aCaring for your collectibles :
_bhow to preserve your old and new treasures /
_cKen Arnold.
260 _aIola, WI :
_bKrause Publications,
_cc1996.
300 _a208 p. :
_bill. ;
_c23 cm.
504 _aIncludes bibliographical references (p. 201-202) and index.
650 0 _aCollectibles
_xConservation and restoration.
650 0 _aCollectibles
_xProtection.
906 _a7
_bcbc
_ccopycat
_d2
_eopcn
_f19
_gy-gencatlg
942 _2lcc
_cBOOKS
_hNK 1127.5 .A75 1996